| 000 | 00858cam a22002775a 4500 | ||
|---|---|---|---|
| 001 | ssj0000459182 | ||
| 003 | OSt | ||
| 005 | 20160228130911.0 | ||
| 008 | 091029s2010 enka frb 001 0 eng d | ||
| 020 | _a0335228739 | ||
| 020 | _a9780335228737 | ||
| 040 |
_aCaPaEBR _cCaPaEBR _dWaSeSS _dEG-ScBUE _beng |
||
| 082 | 0 | 4 |
_a302.23 _222 _bDWY |
| 100 | 1 |
_aDwyer, Tim. _939453 |
|
| 245 | 1 | 0 |
_aMedia convergence : _cTim Dwyer. |
| 260 |
_aBerkshire : _bOpen University Press / McGraw-Hill Education, _c2010. |
||
| 300 |
_axvi, 200 p. : _bill. ; _c24 cm. |
||
| 490 | 0 | _aIssues in cultural and media studies. | |
| 500 | _aIndex : p. 193-200. | ||
| 504 | _aBibliography : p. 178-192. | ||
| 650 | 7 |
_aMass media _xTechnological innovations. _2BUEsh _937780 |
|
| 650 | 7 |
_aMass media. _2BUEsh _99699 |
|
| 651 | _2BUEsh | ||
| 653 |
_bCOMAME _cFebruary2016 |
||
| 942 | _2ddc | ||
| 999 |
_c21267 _d21239 |
||